Betatronnaja gamma-defektoskopija stali /

Other Authors: Orlov, A. N.
Language: Russian
Published: Moskva : AN SSSR, 1961
Physical Description: 56 s.
Book
Saved in:
LEADER 00589nam a22001932a 4500
001 001755435
003 CZ BrMZK
005 20200909142926.0
007 ta
008 200623s1961 ru er|||||||||||rus d
040 |a BOA001  |b cze  |e aacr2 
245 0 0 |a Betatronnaja gamma-defektoskopija stali /  |c otvetstvennyj redaktor A.N. Orlov ... [et.al.] 
260 |a Moskva :  |b AN SSSR,  |c 1961 
300 |a 56 s. 
700 1 |a Orlov, A. N.  |4 edt 
910 |a BOA001  |b 3-0471.074 
990 |a BK 
991 |b 202006 
996 7 |b 2618886697  |c 3-0471.074  |l MZK  |r Sklad / do 1 hodiny  |n 0  |w 001809923  |u 000010  |a 1  |e BOA001  |j MZK50  |s A